000 00358nam a2200145Ia 4500
008 230917s9999||||xx |||||||||||||| ||und||
040 _e209020
_aMAIN
041 _aEnglish
082 _a853.9 M797F
100 _aMoravia, Alberto
245 0 _aFetish and other stories
260 _aHarmondsworth
_bPenguin Books
_c1967
300 _a266 p.
942 _cBK
999 _c134672
_d134672